Normal view MARC view

Entry Personal Name

Number of records used in: 1

001 - CONTROL NUMBER

  • control field: 59889

003 - CONTROL NUMBER IDENTIFIER

  • control field: OSt

005 - DATE AND TIME OF LATEST TRANSACTION

  • control field: 20260330123704.0

008 - FIXED-LENGTH DATA ELEMENTS

  • fixed length control field: 260330|| aca||aabn | a|a d

040 ## - CATALOGING SOURCE

  • Original cataloging agency: OSt
  • Transcribing agency: OSt

100 ## - HEADING--PERSONAL NAME

  • Personal name: Priyadarshi, Prakash andBeherea Minaketan

670 ## - SOURCE DATA FOUND

  • Source citation: Work cat.: (OSt): Priyadarshi, Prakash andBeherea Minaketan , Nature and process of relocation of villages: Todoba Andhari Tier reserve, Maharashtra

Powered by Koha